000 00656ntaaa2200205 4500
003 01
005 20251027201419.0
008 0714s1973 ag 01
040 _aAR-BaBN
_bspa
_cAR-BaBN
_eaacr
_dRIC
082 _a270.0000 W65
100 _aWilke, Myrtle
_912637
245 _aBreve historia de la iglesia cristiana
250 _a1 ed.
260 _as.l :
_bComité de Publicaciones en español de la iglesia Luterana Unida en América,
_c1957
300 _aiv, 63 p
500 _aTraducción y adaptación de un curso de inglés tomado de "The christian life course"
650 _aHistoria Eclesiastica
650 _aIglesia-Historia
_9776
942 _cBK
999 _c8662
_d8662